Marley and Me (Record no. 9320)

MARC details
000 -LEADER
fixed length control field 00371nam a22001457a 4500
008 - FIXED-LENGTH DATA ELEMENTS--GENERAL INFORMATION
fixed length control field 230227b |||||||| |||| 00| 0 eng d
020 ## - INTERNATIONAL STANDARD BOOK NUMBER
International Standard Book Number 978-0-06-168720-4
082 ## - DEWEY DECIMAL CLASSIFICATION NUMBER
Classification number 813.54
100 ## - MAIN ENTRY--PERSONAL NAME
Personal name John Grogan
245 ## - TITLE STATEMENT
Title Marley and Me
Statement of responsibility, etc. John Grogan
260 ## - PUBLICATION, DISTRIBUTION, ETC.
Place of publication, distribution, etc. New York;
Name of publisher, distributor, etc. Harper,
Date of publication, distribution, etc. 2005
300 ## - PHYSICAL DESCRIPTION
Extent 308 p.
Dimensions 17cm
942 ## - Added entry Elements (Koha)
Source of classification or shelving scheme Dewey Decimal Classification
Holdings
Withdrawn status Lost status Source of classification or shelving scheme Damaged status Not for loan Collection code Home library Current library Shelving location Date acquired Serial Enumeration / chronology Total Checkouts Full call number Barcode Date last seen Price effective from Koha item type
    Dewey Decimal Classification     Fiction RTC Library RTC Library Fiction 27/02/2023 177105   FIC 813.54 GRO 30018082 27/02/2023 27/02/2023 Fiction
Royal Thimphu College || All Right Reserved